| Tag |
First Indicator |
Second Indicator |
Subfields |
| LEADER |
00000pam a2200000 i 4500 |
| 001 |
in00000045035 |
| 005 |
20151007065203.0 |
| 008 |
790205s1979 dcu b 00000 eng |
| 010 |
|
|
|a 79004028
|
| 020 |
|
|
|a 0826813275
|
| 035 |
|
|
|a (OCoLC)04776744
|
| 035 |
|
|
|9 AAE1470AM
|
| 040 |
|
|
|a DLC
|c DLC
|d TXA
|d UtOrBLW
|
| 043 |
|
|
|a n-us---
|
| 049 |
|
|
|a TXAM
|c [981232]
|
| 050 |
0 |
0 |
|a LC173
|b .H53
|
| 082 |
0 |
|
|a 379.73
|
| 245 |
0 |
0 |
|a Higher education and government :
|b an uneasy alliance /
|c edited by W. Todd Furniss and David P. Gardner.
|
| 264 |
|
1 |
|a Washington :
|b American Council on Education,
|c [1979]
|
| 264 |
|
4 |
|c ©1979
|
| 300 |
|
|
|a x, 144 pages ;
|c 24 cm.
|
| 336 |
|
|
|a text
|b txt
|2 rdacontent
|
| 337 |
|
|
|a unmediated
|b n
|2 rdamedia
|
| 338 |
|
|
|a volume
|b nc
|2 rdacarrier
|
| 504 |
|
|
|a Bibliography: pages 137-144.
|
| 650 |
|
0 |
|a Higher education and state
|z United States.
|
| 700 |
1 |
|
|a Furniss, W. Todd
|q (Warren Todd),
|d 1921-
|
| 700 |
1 |
|
|a Gardner, David Pierpont,
|d 1933-
|
| 710 |
2 |
|
|a American Council on Education.
|
| 999 |
|
|
|a MARS
|
| 999 |
f |
f |
|s e98dd76c-79b1-392c-a409-d484565cd4b2
|i e9f77f90-9bdf-3caf-9d23-00dc2e879926
|t 0
|
| 952 |
f |
f |
|p normal
|a Texas A&M University
|b College Station
|c Sterling C. Evans Library
|d Evans: Library Stacks
|t 0
|e LC173 .H53
|h Library of Congress classification
|i unmediated -- volume
|m A14803310061
|
| 998 |
f |
f |
|a LC173 .H53
|t 0
|l Evans: Library Stacks
|